Southville International School and Colleges
Your cart is empty.
  • Cart
  • Lists
    Public lists Eva Luna New books Lux_list list_1
    Your lists Log in to create your own lists
  • Log in to your account
  • Your cookies
  • Search history
Southville International School and Colleges
  • Advanced search
  • Recent comments
  • Most popular
  • Libraries

Log in to your account

Log in with GOOGLE


If you do not have an external account, but do have a local account, you can still log in:

  1. Home
  2. MARC view: Mathematics of investment :
Normal view MARC view ISBD view

Mathematics of investment : (Record no. 48321)

[ view plain ]
MARC details
000 -LEADER
fixed length control field 00612nam a2200205Ia 4500
008 - FIXED-LENGTH DATA ELEMENTS--GENERAL INFORMATION
fixed length control field 140321s9999 xx 000 0 und d
020 ## - INTERNATIONAL STANDARD BOOK NUMBER
International Standard Book Number 9789719924654
050 ## - LIBRARY OF CONGRESS CALL NUMBER
Classification number HF 5691
Item number .Ad38 2012
100 ## - MAIN ENTRY--PERSONAL NAME
Personal name Aduana, Nick L.
245 ## - TITLE STATEMENT
Title Mathematics of investment :
Remainder of title procedural approach /
Statement of responsibility, etc Nick L. Aduana.
260 ## - PUBLICATION, DISTRIBUTION, ETC. (IMPRINT)
Place of publication, distribution, etc Quezon City :
Name of publisher, distributor, etc C & E Pub.,
Date of publication, distribution, etc c2012.
300 ## - PHYSICAL DESCRIPTION
Extent 478 p. :
Dimensions 26 cm.
500 ## - GENERAL NOTE
General note Includes bibliographical references and index.
521 ## - TARGET AUDIENCE NOTE
Target audience note
650 ## - SUBJECT ADDED ENTRY--TOPICAL TERM
Topical term or geographic name as entry element Annuities.
650 ## - SUBJECT ADDED ENTRY--TOPICAL TERM
Topical term or geographic name as entry element Business mathematics.
650 ## - SUBJECT ADDED ENTRY--TOPICAL TERM
Topical term or geographic name as entry element Investments
General subdivision Mathematics.
942 ## - ADDED ENTRY ELEMENTS (KOHA)
Call number prefix Local
Koha item type Books
Holdings
Withdrawn status Lost status Damaged status Home library Current library Shelving location Date acquired Total Checkouts Full call number Barcode Date last seen Date checked out Price effective from Koha item type
      College Library College Library Reserve Section 03/21/2014 2 HF 5691 .Ad38 2012 C17604 12/01/2023 11/28/2023 03/21/2014 Books

Mathematics of investment :

APA

Aduana N. L., . (2012). Mathematics of investment. Quezon City: C & E Pub.

Chicago

Aduana Nick L, . 2012. Mathematics of investment. Quezon City: C & E Pub.

Harvard

Aduana N. L., . (2012). Mathematics of investment. Quezon City: C & E Pub.

MLA

Aduana Nick L, . Mathematics of investment. Quezon City: C & E Pub. 2012.

  • Place hold
  • Print
  • Cite
  • Add to your cart (remove)
  • Save record
    BIBTEX Dublin Core MARCXML MARC (non-Unicode/MARC-8) MARC (Unicode/UTF-8) MARC (Unicode/UTF-8, Standard) MODS (XML) RIS
  • More searches
    Search for this title in:
    Other Libraries (WorldCat) Other Databases (Google Scholar) Online Stores (Bookfinder.com) Open Library (openlibrary.org)

Exporting to Dublin Core...

SOUTHVILLE LIBRARY

Southville International School and Colleges Library

1281 Tropical Ave. Cor. Luxembourg St., BF Homes International, Las Pinas City

Tel. No. 8256374 / 252358 Loc. 117/146

Powered by Koha